Wolves Squad 2020/21 - Statistics

General Stats
  • This quiz has been taken 144 times
  • The average score is 17 of 24
Answer Stats
Number Position Nation Player % Correct
9 FW Mexico Raul Jimenez
94%
8 MF Portugal Ruben Neves
92%
37 FW Spain Adama Traore
88%
11 GK Portugal Rui Patricio
88%
16 DF England Conor Coady
87%
28 MF Portugal Joao Moutinho
87%
15 DF France Willy Boly
84%
7 FW Portugal Pedro Neto
82%
27 DF Morocco Romain Saiss
82%
32 MF Belgium Leander Dendoncker
80%
10 FW Portugal Daniel Podence
79%
22 DF Portugal Nelson Semedo
77%
19 DF Spain Jonny
72%
17 FW Portugal Fabio Silva
71%
3 DF France Rayan Ait-Nouri
68%
21 GK England John Ruddy
67%
49 DF England Max Kilman
62%
18 MF England Morgan Gibbs-White
62%
5 DF Brazil Fernando Marcal
58%
2 DF Netherlands Ki-Jana Hoever
58%
23 FW Italy Patrick Cutrone
54%
20 MF Portugal Vitinha
42%
54 MF United States Owen Otasowie
36%
62 GK Denmark Andreas Sondergaard
28%
No matching quizzes found
Score Distribution
Percent of People with Each Score
Percentile by Number Answered
Your Score History
You have not taken this quiz